Financial Markets and Institutions/ (Record no. 10059)

MARC details
000 -LEADER
fixed length control field 00833nam a22002417a 4500
003 - CONTROL NUMBER IDENTIFIER
control field OSt
005 - DATE AND TIME OF LATEST TRANSACTION
control field 20260430013912.0
008 - FIXED-LENGTH DATA ELEMENTS--GENERAL INFORMATION
fixed length control field 260430b |||||||| |||| 00| 0 eng d
020 ## - INTERNATIONAL STANDARD BOOK NUMBER
International Standard Book Number 978-621-416-111-9
040 ## - CATALOGING SOURCE
Original cataloging agency DWCL Main Lib.
Transcribing agency OC
082 ## - DEWEY DECIMAL CLASSIFICATION NUMBER
Edition number 2022 edition
Classification number 332.041 C112f 2022
100 ## - MAIN ENTRY--PERSONAL NAME
Personal name Cabrera, MA. Elenita B., BBA, MBA, CPA.
245 ## - TITLE STATEMENT
Title Financial Markets and Institutions/
Statement of responsibility, etc. MA. Elenita B. Cabrera, BBA, MBA, CPA.
250 ## - EDITION STATEMENT
Edition statement 2022 edition
260 ## - PUBLICATION, DISTRIBUTION, ETC.
Place of publication, distribution, etc. Recto Avenue, Manila:
Name of publisher, distributor, etc. GIC Enterprises and Co.
Date of publication, distribution, etc. C2022.
300 ## - PHYSICAL DESCRIPTION
Extent xvi, 353 pages:
Other physical details illustrations;
Dimensions 23cm.
504 ## - BIBLIOGRAPHY, ETC. NOTE
Bibliography, etc. note includes bibliographic references
650 ## - SUBJECT ADDED ENTRY--TOPICAL TERM
Topical term or geographic name entry element financial markets
700 ## - ADDED ENTRY--PERSONAL NAME
Personal name Gilbert Anthony B. Cabrera
700 ## - ADDED ENTRY--PERSONAL NAME
Personal name Bernadette Ann Cabrera
760 ## - MAIN SERIES ENTRY
Edition 2022 edition
942 ## - ADDED ENTRY ELEMENTS (KOHA)
Source of classification or shelving scheme Dewey Decimal Classification
Koha item type Book-Filipiniana
Edition 2022 edition
Classification part Fil.
Suppress in OPAC No
952 ## - LOCATION AND ITEM INFORMATION (KOHA)
--
Holdings
Withdrawn status Lost status Source of classification or shelving scheme Damaged status Not for loan Home library Current library Shelving location Date acquired Source of acquisition Cost, normal purchase price Total Checkouts Full call number Barcode Date last seen Copy number Price effective from Koha item type Uniform Resource Identifier
    Dewey Decimal Classification     College Library College Library Filipiniana 09/13/2022 School Fund 995.00   Fil. 332.041 C112f 2022 CL53369 04/30/2026 c1 04/30/2026 BK - FIL